000 003610000a22001690004500
005 20120302053836.0
942 _cBOOK
100 _a Lee,Vernon
245 _a Handling of words
260 _aThe Bodley Head Ltd,1968
300 _a315p
040 _aENG
365 _bRs.
650 _aLanguage
650 _aEnglish Language
650 _aHandline-Words
999 _c343970
_d343967